[Event "POL-ch (Public Admin) 3rd rapid"]
[Site "Warsaw"]
[Date "2017.12.09"]
[Round "7.12"]
[White "Walewski, Wojciech"]
[Black "Knoff, Dariusz"]
[Result "1-0"]
[WhiteElo "2071"]
[BlackElo "1591"]
[PlyCount "109"]
[EventDate "2017.12.09"]
[EventType "swiss (rapid)"]
[EventRounds "9"]
[EventCountry "POL"]
[SourceTitle "CBM 182 Extra"]
[Source "ChessBase"]
[SourceDate "2018.02.23"]
[SourceVersion "1"]
[SourceVersionDate "2018.02.23"]
[SourceQuality "1"]

1. d4 d5 2. c4 e6 3. Nc3 Nf6 4. Bg5 Be7 5. e3 0-0 6. Nf3 h6 7. Bh4 a6 8. cxd5 Nxd5 9. Bg3 b6 10. Be2 Bb7 11. 0-0 Nd7 12. Qc2 N7f6 13. Ne5 Bd6 14. Rac1 Bxe5 15. Bxe5 Nd7 16. Bg3 N7f6 17. Rfd1 Rc8 18. Qb3 Nxc3 19. bxc3 Ne4 20. Bf4 Qh4 21. Bg3 Nxg3 22. hxg3 Qg5 23. c4 h5 24. c5 h4 25. c6 Ba8 26. gxh4 Qxh4 27. Bxa6 Rcd8 28. Be2 g6 29. Bf3 Kg7 30. g3 Qh6 31. Kg2 Qg5 32. a4 Rh8 33. Qb5 Qf6 34. a5 bxa5 35. Rh1 g5 36. g4 Rh4 37. Rxh4 gxh4 38. Qxa5 h3+ 39. Kg3 Rh8 40. Qe5 Qxe5+ 41. dxe5 f6 42. exf6+ Kxf6 43. Bh1 Ke5 44. Rd1 h2 45. Rd7 Bxc6 46. f4+ Kf6 47. Bxc6 h1Q 48. Bxh1 Rxh1 49. Rxc7 Re1 50. Kf3 Rf1+ 51. Ke4 Ra1 52. Rc6 Ra4+ 53. Kf3 Rb4 54. f5 Kf7 55. Rxe6 1-0